Road to exile : the Indonesian nationalist movement, 1927-1934 /

Bibliographic Details
Main Author: Ingleson, John
Corporate Author: Asian Studies Association of Australia
Format: Book
Language:English
Published: Singapore : Published for the Asian Studies Association of Australia by Heinemann Educational Books (Asia), 1979.
Series:Southeast Asia publications series ; no. 1.
Subjects:

MARC

Tag First Indicator Second Indicator Subfields
LEADER 00000cam a2200000 a 4500
001 in00000077126
005 20151008060536.0
008 800207s1979 si b 00110 engm
010 |a  79941196  
020 |a 070810309X 
020 |a 0708103103 
035 |a (OCoLC)05908634 
035 |9 AAJ5990AM 
040 |a DLC  |c DLC  |d TXA  |d UtOrBLW 
043 |a a-io--- 
049 |a TXAM  |c [1804994] 
050 0 0 |a DS643  |b .I543 
082 0 |a 320.9598 
100 1 |a Ingleson, John. 
245 1 0 |a Road to exile :  |b the Indonesian nationalist movement, 1927-1934 /  |c John Ingleson. 
264 1 |a Singapore :  |b Published for the Asian Studies Association of Australia by Heinemann Educational Books (Asia),  |c 1979. 
300 |a xii, 254 pages ;  |c 24 cm. 
336 |a text  |b txt  |2 rdacontent 
337 |a unmediated  |b n  |2 rdamedia 
338 |a volume  |b nc  |2 rdacarrier 
490 1 |a Southeast Asia Publications series ;  |v no. 1 
500 |a Includes index. 
504 |a Bibliography: pages [235]-246. 
650 0 |a Nationalism  |z Indonesia. 
651 0 |a Indonesia  |x Politics and government  |y 1798-1942. 
710 2 |a Asian Studies Association of Australia. 
830 0 |a Southeast Asia publications series ;  |v no. 1. 
999 |a MARS 
999 f f |s 9335a478-ce8a-3397-b0a1-db120f30b39a  |i 3b2f2454-be8d-38f6-a985-0ce97a32c8d7  |t 0 
952 f f |p ric  |a Texas A&M University  |b Rellis Campus  |c Joint Library Facility  |d Remote Storage  |t 0  |e DS643 .I543  |h Library of Congress classification  |i unmediated -- volume  |m A14806101982 
998 f f |a DS643 .I543  |t 0  |l Remote Storage